000 00806nam a2200229Ia 4500
005 20250108125101.0
008 008 250107s9999 xx 000 0 hin d
020 _a978-93-91045-79-1
037 _aREF
040 _aCRL
_bhin
_cCRL
041 _ahin
_2hin
084 _aV2,4 152R2.1-.2 (RR)
084 _qCRL
100 _aदॉंगी, इन्दिरा, ले.
245 0 _aविपश्यना
_cदॉंगी, इन्दिरा, ले.
260 _aदिल्ली, भारत
_bभारतीय ज्ञानपीठ
_c3254
300 _a151पृ0
365 _aINR
_b699
650 _aहिन्दी कहानीहिन्दी साहित्य
_9729733
942 _cREF
_hV2,4 152R2.1-.2 (RR)
999 _c1235642
_d1235642